[Event "CFriend AT-2005-0-00444 email"]
[Site "Chessfriend.com"]
[Date "2006.01.03"]
[Round "1"]
[White "Zhdanenia, Konstantin"]
[Black "Delooz, Philippe"]
[Result "0-1"]
[WhiteElo "2030"]
[BlackElo "2023"]
[PlyCount "28"]
[EventDate "2006.??.??"]
[EventType "tourn (corr)"]
[EventRounds "2"]
[SourceTitle "Corr 2024"]
[Source "ChessBase"]
[SourceDate "2023.10.19"]
[SourceVersion "1"]
[SourceVersionDate "2023.10.19"]
[SourceQuality "1"]

1. e4 c5 2. Nf3 e6 3. d4 cxd4 4. Nxd4 a6 5. Nc3 b5 6. Bd3 d6 7. 0-0 Nf6 8. f4 b4 9. Nce2 Qb6 10. Kh1 Bb7 11. e5 dxe5 12. fxe5 Nfd7 13. Bf4 Nc6 14. Nf3 Nc5 0-1

[Event "CFriend AT-2005-0-00308 email"]
[Site "Chessfriend.com"]
[Date "2005.09.29"]
[Round "1"]
[White "Reese, Joern"]
[Black "Delooz, Philippe"]
[Result "0-1"]
[WhiteElo "1753"]
[BlackElo "2023"]
[PlyCount "64"]
[EventDate "2005.??.??"]
[EventType "tourn (corr)"]
[EventRounds "2"]
[SourceTitle "Corr 2024"]
[Source "ChessBase"]
[SourceDate "2023.10.19"]
[SourceVersion "1"]
[SourceVersionDate "2023.10.19"]
[SourceQuality "1"]

1. Nf3 Nf6 2. d4 d5 3. e3 Bf5 4. Bb5+ c6 5. Bd3 Bxd3 6. Qxd3 e6 7. Nc3 Bb4 8. Bd2 Nbd7 9. 0-0 0-0 10. a3 Bxc3 11. Bxc3 Qc7 12. b4 Ne4 13. Nd2 f5 14. f4 b5 15. Nxe4 fxe4 16. Qe2 Nb6 17. Qg4 Qe7 18. Be1 Nc4 19. Bf2 a5 20. Bh4 Qe8 21. Rfe1 Rf7 22. a4 axb4 23. a5 Rxa5 24. Rxa5 Nxa5 25. Qe2 Nc4 26. Rb1 Qa8 27. Rxb4 Qa1+ 28. Be1 Ra7 29. Kf2 Qc1 30. g4 Ra2 31. Qxc4 dxc4 32. h4 Qxc2+ 0-1

[Event "CFriend MZ-2004-4-00002 email"]
[Site "Chessfriend.com"]
[Date "2004.08.28"]
[Round "1"]
[White "Delooz, Philippe"]
[Black "Cornel, Matei"]
[Result "0-1"]
[WhiteElo "2023"]
[BlackElo "2299"]
[PlyCount "48"]
[EventDate "2004.??.??"]
[EventType "tourn (corr)"]
[EventRounds "6"]
[SourceTitle "Corr 2024"]
[Source "ChessBase"]
[SourceDate "2023.10.19"]
[SourceVersion "1"]
[SourceVersionDate "2023.10.19"]
[SourceQuality "1"]

1. d4 d5 2. c4 e6 3. Nf3 dxc4 4. e3 c5 5. Bxc4 Nf6 6. 0-0 a6 7. Re1 b5 8. Bd3 Bb7 9. a4 c4 10. Be2 Qc7 11. axb5 axb5 12. Rxa8 Bxa8 13. Nc3 Qb6 14. Bd2 Bd6 15. b3 0-0 16. bxc4 bxc4 17. Bxc4 Bxf3 18. Qxf3 Bxh2+ 19. Kh1 Bd6 20. Rb1 Qc6 21. Qxc6 Nxc6 22. Rb6 Na5 23. Bd3 Bc7 24. Ra6 Rc8 0-1

[Event "CFriend MZ-2004-4-00002 email"]
[Site "Chessfriend.com"]
[Date "2004.08.28"]
[Round "1"]
[White "Delooz, Philippe"]
[Black "Grafen, Denis"]
[Result "0-1"]
[WhiteElo "2023"]
[BlackElo "2415"]
[PlyCount "56"]
[EventDate "2004.??.??"]
[EventType "tourn (corr)"]
[EventRounds "6"]
[SourceTitle "Corr 2024"]
[Source "ChessBase"]
[SourceDate "2023.10.19"]
[SourceVersion "1"]
[SourceVersionDate "2023.10.19"]
[SourceQuality "1"]

1. d4 Nf6 2. c4 e6 3. Nf3 b6 4. a3 Ba6 5. Nbd2 d5 6. cxd5 exd5 7. Ne5 Bd6 8. Ndf3 Ne4 9. Nd2 Nxd2 10. Bxd2 Bxe5 11. dxe5 0-0 12. Qb3 c5 13. h4 Nc6 14. Bg5 Qd7 15. Qg3 Qf5 16. h5 Nxe5 17. Bh6 Ng4 18. Bf4 Qe6 19. h6 g6 20. e3 Bxf1 21. Rxf1 d4 22. 0-0-0 Nf6 23. Qf3 d3 24. e4 c4 25. Rfe1 Rfe8 26. e5 Nd7 27. Kb1 b5 28. Rc1 Nc5 0-1

[Event "CFriend SI-2004-0-00017 email"]
[Site "Chessfriend.com"]
[Date "2004.02.28"]
[Round "1"]
[White "Bujdak, Pavol"]
[Black "Delooz, Philippe"]
[Result "0-1"]
[WhiteElo "1941"]
[BlackElo "2023"]
[PlyCount "146"]
[EventDate "2004.??.??"]
[EventType "tourn (corr)"]
[EventRounds "12"]
[SourceTitle "Corr 2024"]
[Source "ChessBase"]
[SourceDate "2023.10.19"]
[SourceVersion "1"]
[SourceVersionDate "2023.10.19"]
[SourceQuality "1"]

1. e4 c5 2. Nf3 d6 3. d4 cxd4 4. Nxd4 Nf6 5. Nc3 a6 6. Be2 e5 7. Nf3 h6 8. 0-0 Be6 9. h3 Nc6 10. Re1 Be7 11. Bf1 Qa5 12. Bd2 Qd8 13. a3 Rc8 14. b4 0-0 15. Rb1 Qd7 16. b5 axb5 17. Rxb5 Ra8 18. Bc1 Na7 19. Rb1 Qc6 20. Nd5 Bxd5 21. exd5 Nxd5 22. Bd2 b5 23. Bd3 Nc3 24. Bxc3 Qxc3 25. Qe2 f5 26. Rb3 Qc5 27. Bxb5 Nxb5 28. Rxb5 Qxa3 29. Qc4+ Kh7 30. Qe6 Ra7 31. Reb1 Rf6 32. Qc4 Qa4 33. R5b4 Qa2 34. R4b3 Rf8 35. R1b2 Qa4 36. Rb4 Qe8 37. Rb7 Ra1+ 38. Rb1 Qc8 39. Qe2 Qxb7 40. Rxa1 Qb2 41. Rd1 Rc8 42. Ne1 e4 43. Qa6 Rc5 44. g3 Qe5 45. Qe2 Rc3 46. Kg2 g6 47. Rd2 Bg5 48. Rd1 f4 49. gxf4 Bxf4 50. Rb1 Rc7 51. Kg1 d5 52. Ng2 Bg5 53. Rd1 Rf7 54. Qb5 Qf5 55. Qc5 Be7 56. Qe3 Qh5 57. Ra1 Bg5 58. Qg3 Bf6 59. Nf4 Qf5 60. Ra5 Be5 61. Rxd5 g5 62. Ne2 Bxg3 63. Rxf5 Bh2+ 64. Kxh2 Rxf5 65. Kg2 Rc5 66. Ng3 Rc4 67. c3 Kg6 68. Ne2 h5 69. f4 gxf4 70. Nxf4+ Kg5 71. Ne2 Kh4 72. Ng3 Ra4 73. Nf5+ Kg5 0-1

[Event "CFriend SI-2004-0-00017 email"]
[Site "Chessfriend.com"]
[Date "2004.02.28"]
[Round "1"]
[White "Delooz, Philippe"]
[Black "Marin, Jose"]
[Result "0-1"]
[WhiteElo "2023"]
[BlackElo "2040"]
[PlyCount "44"]
[EventDate "2004.??.??"]
[EventType "tourn (corr)"]
[EventRounds "12"]
[SourceTitle "Corr 2008"]
[Source "ChessBase"]
[SourceDate "2008.06.24"]
[SourceVersion "1"]
[SourceVersionDate "2008.06.24"]
[SourceQuality "1"]

1. d4 d5 2. c4 c6 3. Nf3 dxc4 4. e3 b5 5. a4 e6 6. Nc3 Bb4 7. Bd2 a5 8. axb5 Bxc3 9. Bxc3 cxb5 10. b3 Bb7 11. d5 Nf6 12. bxc4 b4 13. Bxf6 Qxf6 14. Qa4+ Nd7 15. Nd4 e5 16. Nb3 Ke7 17. Be2 Rhc8 18. 0-0 Nc5 19. Nxc5 Rxc5 20. Rad1 Ba6 21. Qc2 Qg6 22. f4 Qxc2 0-1

[Event "CFriend SI-2004-0-00017 email"]
[Site "Chessfriend.com"]
[Date "2004.02.28"]
[Round "?"]
[White "Delooz, Philippe"]
[Black "Starace, Umberto"]
[Result "1/2-1/2"]
[WhiteElo "1844"]
[BlackElo "1742"]
[PlyCount "80"]
[EventDate "2004.??.??"]
[EventType "tourn (corr)"]
[EventRounds "12"]
[SourceTitle "Corr 2008"]
[Source "ChessBase"]
[SourceDate "2008.06.24"]
[SourceVersion "1"]
[SourceVersionDate "2008.06.24"]
[SourceQuality "1"]

1. d4 Nf6 2. c4 e6 3. g3 d5 4. Nf3 Be7 5. Bg2 0-0 6. Nbd2 b6 7. cxd5 exd5 8. 0-0 Bb7 9. b3 Nbd7 10. Bb2 Re8 11. Rc1 Rc8 12. Bh3 c5 13. dxc5 bxc5 14. e3 Rc7 15. Qc2 Bd6 16. Rfd1 Qe7 17. Nh4 g6 18. Nhf3 Ne5 19. Bg2 Nxf3+ 20. Nxf3 Ne4 21. Qd3 f5 22. b4 c4 23. Qd4 Kf7 24. Qg7+ Ke6 25. Nd4+ Kd7 26. Nb5 Qxg7 27. Bxg7 Rcc8 28. Nxd6 Kxd6 29. f3 Ng5 30. Kf2 Nf7 31. f4 a6 32. Rb1 Re7 33. b5 a5 34. Bd4 Ke6 35. a4 Nd6 36. Bc3 Rd7 37. Ra1 Ra8 38. h3 h5 39. Rd4 Nc8 40. Rd2 Rh7 1/2-1/2

[Event "CFriend SI-2004-0-00017 email"]
[Site "Chessfriend.com"]
[Date "2004.02.28"]
[Round "?"]
[White "Paetzold, Ortwin"]
[Black "Delooz, Philippe"]
[Result "0-1"]
[WhiteElo "1822"]
[BlackElo "1850"]
[PlyCount "58"]
[EventDate "2004.??.??"]
[EventType "tourn (corr)"]
[EventRounds "12"]
[SourceTitle "Corr 2008"]
[Source "ChessBase"]
[SourceDate "2008.06.24"]
[SourceVersion "1"]
[SourceVersionDate "2008.06.24"]
[SourceQuality "1"]

1. e4 c5 2. Nf3 d6 3. d4 Nf6 4. Nc3 cxd4 5. Nxd4 a6 6. Bg5 e6 7. f4 Qb6 8. Nb3 Be7 9. Qf3 Nbd7 10. 0-0-0 Qc7 11. Bd3 b5 12. a3 Rb8 13. Rhe1 b4 14. axb4 Rxb4 15. Kb1 Bb7 16. Qh3 e5 17. g3 0-0 18. Na2 Rb6 19. Nc3 h6 20. Bh4 Rc8 21. Qf1 a5 22. Qg2 Qb8 23. Bb5 Rxc3 24. Bxd7 Rc4 25. fxe5 dxe5 26. Bxf6 Bxf6 27. Ka1 Qc7 28. Re2 a4 29. Na5 a3 0-1

[Event "CFriend AP-2004-Q-00006 email"]
[Site "Chessfriend.com"]
[Date "2004.02.19"]
[Round "?"]
[White "Delooz, Philippe"]
[Black "Schiller, Wilfried"]
[Result "1-0"]
[WhiteElo "1850"]
[BlackElo "2288"]
[PlyCount "59"]
[EventDate "2004.??.??"]
[EventType "tourn (corr)"]
[EventRounds "12"]
[SourceTitle "Corr 2008"]
[Source "ChessBase"]
[SourceDate "2008.06.24"]
[SourceVersion "1"]
[SourceVersionDate "2008.06.24"]
[SourceQuality "1"]

1. d4 Nf6 2. c4 g6 3. Nf3 Bg7 4. g3 c5 5. Bg2 Qa5+ 6. Nc3 cxd4 7. Nxd4 0-0 8. 0-0 Nc6 9. Nc2 d6 10. Bd2 Qh5 11. e4 Qxd1 12. Raxd1 Bd7 13. b3 Rac8 14. h3 Ne8 15. Nd5 Nc7 16. Be3 Rfe8 17. f4 Nxd5 18. exd5 Na5 19. Nd4 b6 20. g4 Bf6 21. Rc1 a6 22. Kf2 b5 23. cxb5 axb5 24. Nc6 Nb7 25. Rfd1 Ra8 26. Rd2 h5 27. g5 Bg7 28. Bf1 e6 29. dxe6 Bxc6 30. exf7+ 1-0

[Event "CFriend AP-2004-Q-00006 email"]
[Site "Chessfriend.com"]
[Date "2004.02.19"]
[Round "?"]
[White "Delooz, Philippe"]
[Black "Taffijn, Aadrian"]
[Result "1-0"]
[WhiteElo "1844"]
[BlackElo "1729"]
[PlyCount "33"]
[EventDate "2004.??.??"]
[EventType "tourn (corr)"]
[EventRounds "12"]
[SourceTitle "Corr 2008"]
[Source "ChessBase"]
[SourceDate "2008.06.24"]
[SourceVersion "1"]
[SourceVersionDate "2008.06.24"]
[SourceQuality "1"]

1. d4 d5 2. c4 c6 3. Nf3 Nf6 4. Nbd2 e6 5. g3 Be7 6. Bg2 0-0 7. 0-0 Nbd7 8. b3 b6 9. Bb2 Bb7 10. Qc2 c5 11. Rfd1 cxd4 12. Nxd4 Bc5 13. cxd5 Bxd5 14. e4 Bb7 15. e5 Nd5 16. Ne4 Be7 17. Nb5 1-0

[Event "CFriend AP-2004-Q-00006 email"]
[Site "Chessfriend.com"]
[Date "2004.02.19"]
[Round "?"]
[White "Skorna, Ullrich"]
[Black "Delooz, Philippe"]
[Result "1/2-1/2"]
[WhiteElo "2389"]
[BlackElo "1844"]
[PlyCount "73"]
[EventDate "2004.??.??"]
[EventType "tourn (corr)"]
[EventRounds "12"]
[SourceTitle "Corr 2008"]
[Source "ChessBase"]
[SourceDate "2008.06.24"]
[SourceVersion "1"]
[SourceVersionDate "2008.06.24"]
[SourceQuality "1"]

1. e4 c5 2. b3 d6 3. Bb2 Nf6 4. Bxf6 gxf6 5. Qh5 Bg7 6. Nc3 Nc6 7. Bb5 a6 8. Bxc6+ bxc6 9. Nge2 Qd7 10. Ng3 Qg4 11. Qxg4 Bxg4 12. Nf5 Bf8 13. f3 Bxf5 14. exf5 Rg8 15. g4 e6 16. Ne4 Be7 17. Ng3 d5 18. Kf2 a5 19. Rab1 Kd7 20. Rhe1 a4 21. Ke2 Ra7 22. h3 e5 23. Nh5 Rga8 24. f4 axb3 25. axb3 Ra2 26. Rbc1 e4 27. Rh1 R8a3 28. h4 Kd8 29. g5 c4 30. bxc4 d4 31. Nxf6 Bxf6 32. gxf6 h5 33. c5 Rg3 34. Rhg1 Rxg1 35. Rxg1 Rxc2 36. Rg8+ Kd7 37. Rf8 1/2-1/2

[Event "IECG CP.2003.P.00079 email"]
[Site "IECG email"]
[Date "2003.10.01"]
[Round "?"]
[White "Delooz, Philippe"]
[Black "Ritscher, Michael"]
[Result "1-0"]
[WhiteElo "1806"]
[BlackElo "800"]
[PlyCount "63"]
[EventDate "2003.10.01"]
[EventType "tourn (corr)"]
[EventRounds "6"]
[EventCountry "UKR"]
[SourceTitle "Corr 2008"]
[Source "ChessBase"]
[SourceDate "2008.06.24"]
[SourceVersion "1"]
[SourceVersionDate "2008.06.24"]
[SourceQuality "1"]

1. e4 c5 2. c3 d6 3. Nf3 Nf6 4. h3 g6 5. Bd3 Bg7 6. Bc2 0-0 7. 0-0 Nc6 8. d4 cxd4 9. cxd4 Nb4 10. Bb3 Nxe4 11. Qe1 Nxf2 12. Qxf2 Nd3 13. Qe3 Nxc1 14. Rxc1 Qb6 15. Qxe7 Bf5 16. Nc3 Rae8 17. Bxf7+ Rxf7 18. Qxe8+ Rf8 19. Qb5 Bxd4+ 20. Nxd4 Qxd4+ 21. Kh1 Qh4 22. Qd5+ Kg7 23. Rf1 Bxh3 24. gxh3 Qxh3+ 25. Kg1 Rf5 26. Qxb7+ Kh6 27. Rxf5 gxf5 28. Qxa7 Qg3+ 29. Kf1 Qd3+ 30. Kf2 Qd2+ 31. Ne2 Qxb2 32. Qe3+ 1-0

[Event "CFriend AO-2003-0-00001 email"]
[Site "Chessfriend.com"]
[Date "2003.06.29"]
[Round "1"]
[White "Delooz, Philippe"]
[Black "Erbe, Uwe"]
[Result "1/2-1/2"]
[WhiteElo "1940"]
[BlackElo "1600"]
[PlyCount "92"]
[EventDate "2003.??.??"]
[EventType "tourn (corr)"]
[EventRounds "12"]
[SourceTitle "Corr 2008"]
[Source "ChessBase"]
[SourceDate "2008.06.24"]
[SourceVersion "1"]
[SourceVersionDate "2008.06.24"]
[SourceQuality "1"]

1. e4 c5 2. c3 Nf6 3. e5 Nd5 4. d4 cxd4 5. Nf3 Nc6 6. Bc4 Nb6 7. Bb3 d5 8. exd6 Qxd6 9. 0-0 Be6 10. Na3 Bxb3 11. Qxb3 e6 12. Nb5 Qd7 13. Nfxd4 Na5 14. Qc2 a6 15. b4 Nac4 16. Na3 Nxa3 17. Bxa3 Bd6 18. Nf3 Qc7 19. Qe4 Rc8 20. Rfe1 Be7 21. Bc1 Nd5 22. Bd2 0-0 23. Rac1 Rfd8 24. a4 b5 25. axb5 axb5 26. h3 h6 27. Nd4 Qb8 28. Nb3 Bd6 29. Qf3 Bh2+ 30. Kf1 Bc7 31. Kg1 Be5 32. Kh1 Bf4 33. Red1 Bd6 34. Kg1 Rc7 35. Ra1 Rc4 36. Na5 Rcc8 37. Rac1 Rd7 38. Qg4 Kh8 39. Nb3 Rdc7 40. Qf3 Kg8 41. Re1 Ra7 42. Ra1 Bh2+ 43. Kh1 Rxa1 44. Rxa1 Be5 45. Nc5 Rd8 46. g3 Nb6 1/2-1/2

[Event "CFriend AO-2003-0-00001 email"]
[Site "Chessfriend.com"]
[Date "2003.06.29"]
[Round "1"]
[White "Delooz, Philippe"]
[Black "Gehler, Rainer"]
[Result "1-0"]
[WhiteElo "1810"]
[BlackElo "1700"]
[PlyCount "55"]
[EventDate "2003.??.??"]
[EventType "tourn (corr)"]
[EventRounds "12"]
[SourceTitle "Corr 2008"]
[Source "ChessBase"]
[SourceDate "2008.06.24"]
[SourceVersion "1"]
[SourceVersionDate "2008.06.24"]
[SourceQuality "1"]

1. e4 c5 2. c3 Nf6 3. e5 Nd5 4. d4 cxd4 5. Nf3 e6 6. cxd4 d6 7. Bc4 Nb6 8. Bb3 dxe5 9. Nxe5 Nc6 10. Nxc6 bxc6 11. 0-0 Be7 12. Nc3 0-0 13. Be3 Ba6 14. Re1 Nd5 15. Qf3 Nxe3 16. Qxe3 Bg5 17. f4 Be7 18. Rac1 Rb8 19. Ne4 Bb4 20. Red1 Qc7 21. Nc5 Bc8 22. Nd3 Bd6 23. Ne5 Rb6 24. Rd2 Re8 25. Rf2 Bb7 26. f5 Bc8 27. f6 g6 28. h4 1-0

[Event "CFriend AO-2003-0-00001 email"]
[Site "Chessfriend.com"]
[Date "2003.06.29"]
[Round "1"]
[White "Delooz, Philippe"]
[Black "Raugstad, Oddvard"]
[Result "1-0"]
[WhiteElo "1940"]
[BlackElo "1100"]
[PlyCount "53"]
[EventDate "2003.??.??"]
[EventType "tourn (corr)"]
[EventRounds "12"]
[SourceTitle "Corr 2008"]
[Source "ChessBase"]
[SourceDate "2008.06.24"]
[SourceVersion "1"]
[SourceVersionDate "2008.06.24"]
[SourceQuality "1"]

1. e4 e5 2. Nf3 d6 3. d4 Bg4 4. dxe5 Nd7 5. exd6 Bxd6 6. h3 Bh5 7. Be2 Qe7 8. Nc3 Ngf6 9. Qd4 Bc5 10. Qc4 Nb6 11. Qb3 Nxe4 12. Nxe4 Qxe4 13. Be3 Bxe3 14. Qb5+ c6 15. Qxh5 Bf4 16. 0-0 Qxc2 17. Rad1 Nd5 18. Qh4 Qxb2 19. Rxd5 cxd5 20. Qxf4 0-0 21. Bd3 Qxa2 22. Ng5 g6 23. Qh4 h5 24. Bxg6 fxg6 25. Qb4 Rf5 26. Qxb7 Rxg5 27. Qxa8+ 1-0

[Event "CFriend AO-2003-0-00001 email"]
[Site "Chessfriend.com"]
[Date "2003.06.29"]
[Round "1"]
[White "Frignani, Giorgio"]
[Black "Delooz, Philippe"]
[Result "1/2-1/2"]
[WhiteElo "1889"]
[BlackElo "2023"]
[PlyCount "141"]
[EventDate "2003.??.??"]
[EventType "tourn (corr)"]
[EventRounds "12"]
[SourceTitle "Corr 2024"]
[Source "ChessBase"]
[SourceDate "2023.10.19"]
[SourceVersion "1"]
[SourceVersionDate "2023.10.19"]
[SourceQuality "1"]

1. e4 c6 2. d4 d5 3. Nc3 dxe4 4. Nxe4 Bf5 5. Ng3 Bg6 6. Nf3 Nd7 7. h4 h6 8. h5 Bh7 9. Bd3 Bxd3 10. Qxd3 e6 11. Bd2 Ngf6 12. 0-0-0 Qc7 13. Qe2 0-0-0 14. c4 Bd6 15. Ne4 Nxe4 16. Qxe4 Nf6 17. Qe2 Bf4 18. Kb1 Bxd2 19. Rxd2 Qf4 20. Rh4 Qf5+ 21. Ka1 c5 22. Ne5 Rhf8 23. Qe1 Rd6 24. a3 Nd7 25. Nxd7 Rxd7 26. dxc5 Rfd8 27. Rxd7 Rxd7 28. c6 bxc6 29. Ka2 Qg5 30. Qe4 Qc5 31. Rf4 a5 32. Qh7 e5 33. Qf5 f6 34. Rg4 Kc7 35. Qc2 Kb8 36. Rg3 Qd4 37. Rb3+ Ka7 38. f3 Rb7 39. Qe4 Rxb3 40. Kxb3 Kb6 41. Qb1 Kc5 42. Ka2 Qxc4+ 43. Ka1 Kb6 44. Qd1 Qd5 45. Qc2 Kc7 46. Kb1 Qd4 47. Qg6 Qd1+ 48. Ka2 Qd7 49. Kb3 f5 50. Qg3 Qf7+ 51. Kc2 f4 52. Qe1 Qc4+ 53. Qc3 Qe2+ 54. Qd2 Qb5 55. Qd3 Qc5+ 56. Qc3 Qd5 57. Qd3 a4 58. Qe4 Qc5+ 59. Kd2 Qb5 60. Kc1 Kb6 61. Qg6 Qf1+ 62. Kd2 Qg1 63. Kc2 Qf2+ 64. Kb1 Qh4 65. Qxg7 Qxh5 66. Qg8 Qf5+ 67. Kc1 Qg5 68. Qb8+ Kc5 69. Qb4+ Kd5 70. Qxa4 Qxg2 71. Qb3+ 1/2-1/2

[Event "CFriend AO-2003-0-00001 email"]
[Site "Chessfriend.com"]
[Date "2003.06.29"]
[Round "1"]
[White "Paetzold, Ortwin"]
[Black "Delooz, Philippe"]
[Result "0-1"]
[WhiteElo "1748"]
[BlackElo "1810"]
[PlyCount "86"]
[EventDate "2003.??.??"]
[EventType "tourn (corr)"]
[EventRounds "12"]
[SourceTitle "Corr 2008"]
[Source "ChessBase"]
[SourceDate "2008.06.24"]
[SourceVersion "1"]
[SourceVersionDate "2008.06.24"]
[SourceQuality "1"]

1. e4 c6 2. d4 d5 3. exd5 cxd5 4. c4 Nf6 5. Nc3 e6 6. Nf3 Bb4 7. a3 Bxc3+ 8. bxc3 0-0 9. Bg5 Nbd7 10. Be2 dxc4 11. Bxc4 Qc7 12. Qb3 b6 13. 0-0 Bb7 14. Bxf6 Nxf6 15. Ne5 Rac8 16. Rac1 Ne4 17. Qc2 Qd6 18. f3 Nxc3 19. Qxc3 b5 20. Qd3 bxc4 21. Nxc4 Qd8 22. Ne5 Qg5 23. Rxc8 Rxc8 24. Qb5 Bd5 25. Qd7 Rf8 26. Qxa7 f6 27. Ng4 h5 28. h4 Qf4 29. Nf2 Qxh4 30. Qc5 Qg3 31. Qe7 h4 32. Rc1 Qg5 33. Re1 Rb8 34. Ne4 Qg6 35. Kh2 Rb2 36. Rg1 Kh7 37. Qc7 f5 38. Qe7 fxe4 39. Qxh4+ Qh6 40. Qxh6+ Kxh6 41. fxe4 Bxe4 42. Kg3 g5 43. a4 Ra2 0-1

[Event "CFriend SL-2003-0-00008 email"]
[Site "Chessfriend.com"]
[Date "2003.05.13"]
[Round "1"]
[White "Adamczyk, Wieslaw"]
[Black "Delooz, Philippe"]
[Result "1/2-1/2"]
[WhiteElo "1663"]
[BlackElo "2023"]
[PlyCount "135"]
[EventDate "2003.05.13"]
[EventType "tourn (corr)"]
[EventRounds "12"]
[SourceTitle "Corr 2024"]
[Source "ChessBase"]
[SourceDate "2023.10.19"]
[SourceVersion "1"]
[SourceVersionDate "2023.10.19"]
[SourceQuality "1"]

1. e4 c6 2. d4 d5 3. Nc3 dxe4 4. Nxe4 Bf5 5. Ng3 Bg6 6. Nf3 Nd7 7. h4 h5 8. Bd3 Bxd3 9. Qxd3 Ngf6 10. 0-0 Qc7 11. Re1 e6 12. c4 0-0-0 13. Bg5 Bb4 14. Re2 Bd6 15. Ne4 Be7 16. Rae1 Rhe8 17. d5 Bb4 18. d6 Qa5 19. Nxf6 gxf6 20. Bd2 Bxd2 21. Rxd2 Rg8 22. a3 Qa6 23. b4 c5 24. Re4 Rg4 25. b5 Qa5 26. Rd1 Kb8 27. Rxg4 hxg4 28. Nh2 f5 29. Qe3 Rh8 30. g3 Qd8 31. Qd2 f6 32. a4 Qc8 33. Qe3 Ne5 34. d7 Qc7 35. h5 Rd8 36. h6 Rxd7 37. Rxd7 Qxd7 38. Qxc5 Qd1+ 39. Kg2 Nf3 40. Nxg4 Ne1+ 41. Kh3 fxg4+ 42. Kh4 Nf3+ 43. Kh5 Qd8 44. Kxg4 Ne5+ 45. Kh3 Nf7 46. Qh5 Qf8 47. h7 Ng5+ 48. Kg2 Qh8 49. Qd1 Kc8 50. f4 Nxh7 51. Qd4 Qd8 52. Qxa7 Qd2+ 53. Qf2 Qxf2+ 54. Kxf2 b6 55. g4 Kc7 56. c5 bxc5 57. a5 e5 58. Ke3 c4 59. Ke4 f5+ 60. gxf5 Nf6+ 61. Ke3 Nd5+ 62. Ke4 c3 63. Kd3 exf4 64. f6 Nxf6 65. Kxc3 f3 66. Kd3 Ng4 67. Kd2 Kb7 68. Ke1 1/2-1/2

[Event "CFriend SL-2003-0-00008 email"]
[Site "Chessfriend.com"]
[Date "2003.05.13"]
[Round "?"]
[White "Delooz, Philippe"]
[Black "Foley, Jeffrey"]
[Result "1-0"]
[WhiteElo "1940"]
[BlackElo "662"]
[PlyCount "57"]
[EventDate "2003.05.13"]
[EventType "tourn (corr)"]
[EventRounds "12"]
[SourceTitle "Corr 2008"]
[Source "ChessBase"]
[SourceDate "2008.06.24"]
[SourceVersion "1"]
[SourceVersionDate "2008.06.24"]
[SourceQuality "1"]

1. e4 e5 2. Nf3 Nf6 3. Nxe5 d6 4. Nf3 Nxe4 5. d4 d5 6. Bd3 Nc6 7. 0-0 Be7 8. c4 Nf6 9. Nc3 0-0 10. h3 Be6 11. c5 Re8 12. Re1 b6 13. Bb5 Bd7 14. Qa4 Bf8 15. Bxc6 Bxc6 16. Qxc6 Ne4 17. Nxd5 bxc5 18. Nxc7 Rc8 19. Qxe8 Qxe8 20. Nxe8 Rxe8 21. Be3 c4 22. Rac1 Rc8 23. Nd2 Nd6 24. Bf4 Rc6 25. d5 Rc5 26. Bxd6 Rxd5 27. Nxc4 f6 28. Re8 Kf7 29. Rxf8+ 1-0

[Event "CFriend SI-2003-0-00007 email"]
[Site "Chessfriend.com"]
[Date "2003.04.30"]
[Round "?"]
[White "Delooz, Philippe"]
[Black "Andersson, Soren O"]
[Result "1-0"]
[WhiteElo "1598"]
[BlackElo "1916"]
[PlyCount "89"]
[EventDate "2003.04.30"]
[EventType "tourn (corr)"]
[EventRounds "12"]
[SourceTitle "Corr 2008"]
[Source "ChessBase"]
[SourceDate "2008.06.24"]
[SourceVersion "1"]
[SourceVersionDate "2008.06.24"]
[SourceQuality "1"]

1. e4 c6 2. d4 d5 3. exd5 cxd5 4. c4 Nf6 5. Nc3 Nc6 6. Nf3 Bg4 7. cxd5 Nxd5 8. Qb3 Bxf3 9. gxf3 Nb6 10. d5 Nd4 11. Bb5+ Nd7 12. Qa4 Nxb5 13. Qxb5 Qc7 14. 0-0 a6 15. Qa4 Rc8 16. Re1 Qc4 17. Qd1 Qb4 18. Ne4 e5 19. dxe6 fxe6 20. Ng5 e5 21. Nf7 Kxf7 22. Qxd7+ Be7 23. Qd5+ Kf8 24. Rxe5 Bf6 25. Re4 Qc5 26. Qxb7 Qc6 27. Rb4 Qxb7 28. Rxb7 h6 29. Rb1 Kg8 30. Ra7 Rc6 31. Be3 Kh7 32. b4 Rd8 33. Kh1 Kg6 34. a4 Bd4 35. Rb7 Bf6 36. b5 axb5 37. axb5 Rc2 38. b6 Rb2 39. Rxb2 Bxb2 40. f4 Bd4 41. Rc7 Bxe3 42. fxe3 Rd2 43. e4 Rb2 44. b7 Kf6 45. e5+ 1-0

[Event "CFriend SI-2003-0-00007 email"]
[Site "Chessfriend.com"]
[Date "2003.04.30"]
[Round "?"]
[White "Delooz, Philippe"]
[Black "Kurpnieks, Vairis"]
[Result "1-0"]
[WhiteElo "1940"]
[BlackElo "1768"]
[PlyCount "109"]
[EventDate "2003.04.30"]
[EventType "tourn (corr)"]
[EventRounds "12"]
[SourceTitle "Corr 2008"]
[Source "ChessBase"]
[SourceDate "2008.06.24"]
[SourceVersion "1"]
[SourceVersionDate "2008.06.24"]
[SourceQuality "1"]

1. e4 d6 2. d4 e5 3. dxe5 dxe5 4. Qxd8+ Kxd8 5. Bc4 f6 6. Be3 Nd7 7. Nc3 c6 8. 0-0-0 Kc7 9. a4 b6 10. f4 Bd6 11. f5 Bc5 12. Bxc5 Nxc5 13. Nf3 Ne7 14. Rd2 Ba6 15. Bxa6 Nxa6 16. h4 Rad8 17. g4 Rxd2 18. Nxd2 Nc5 19. g5 h6 20. gxf6 gxf6 21. Rg1 Rg8 22. Rxg8 Nxg8 23. b4 Nb7 24. Nd1 Nd6 25. Ne3 Ne7 26. c3 a6 27. Kc2 Ne8 28. Nb3 Nd6 29. Kd3 Nb7 30. h5 Nd6 31. a5 bxa5 32. Ng4 Ng8 33. bxa5 Ne8 34. Nc5 Ng7 35. Nxa6+ Kc8 36. Nb4 Kc7 37. Kc4 Nxh5 38. Na6+ Kb7 39. Nc5+ Kc7 40. a6 Kb6 41. Nd7+ Kxa6 42. Kc5 Ng3 43. Ngxf6 Ne7 44. Nxe5 Nexf5 45. exf5 Nxf5 46. Kxc6 Ka5 47. c4 Ne3 48. c5 Nc2 49. Kd6 Ka6 50. Nf3 Nb4 51. Nd5 Nc2 52. c6 Na3 53. Kd7 Nb5 54. Nd4 Na7 55. c7 1-0

[Event "CFriend SI-2003-0-00007 email"]
[Site "Chessfriend.com"]
[Date "2003.04.30"]
[Round "?"]
[White "Delooz, Philippe"]
[Black "Milde, Lars"]
[Result "1/2-1/2"]
[WhiteElo "1598"]
[BlackElo "1833"]
[PlyCount "60"]
[EventDate "2003.04.30"]
[EventType "tourn (corr)"]
[EventRounds "12"]
[SourceTitle "Corr 2008"]
[Source "ChessBase"]
[SourceDate "2008.06.24"]
[SourceVersion "1"]
[SourceVersionDate "2008.06.24"]
[SourceQuality "1"]

1. e4 e5 2. Nf3 Nf6 3. Nxe5 d6 4. Nf3 Nxe4 5. d3 Nf6 6. d4 Be7 7. Bd3 0-0 8. 0-0 Nbd7 9. Re1 Re8 10. Nbd2 Nf8 11. Nf1 Ng6 12. Ng3 c6 13. c4 d5 14. c5 Bg4 15. h3 Bxf3 16. Qxf3 b6 17. cxb6 axb6 18. a3 Qd7 19. Nf5 Bf8 20. Bd2 Re6 21. Rxe6 fxe6 22. Ng3 Bd6 23. Bxg6 hxg6 24. Bf4 c5 25. Be5 cxd4 26. Qf4 Bxe5 27. Qxe5 d3 28. Rd1 Qc6 29. Rxd3 Nd7 30. Qe3 e5 1/2-1/2